00450nam a2200193 a 4500001001300000003000900013005001700022008004100039020001000080082001400090100001600104245001900120260003100139300000900170500003500179505001000214650001600224700001600240nice12345678IN_TiNIC20260116012127.0050524s1976 laha grp 000 0 urd  ac1.500a239bFIN2 aFinlay, M H aTahqiq-E-Haqq. aLahorebMeenar Kutubc1976 a111p aincludes index and biblioraphy2 aIndex aApologetics1 aFinlay, M H